| 000 | 00889cam a22003013a 4500 | ||
|---|---|---|---|
| 001 | 19054 | ||
| 003 | PGUSA | ||
| 005 | 20140828083414.0 | ||
| 008 | 060815s2006||||xxu|||||s|||||000 1 eng d | ||
| 040 |
_aPGUSA _beng |
||
| 042 | _adc | ||
| 050 | 4 | _aPZ | |
| 050 | 4 | _aPQ | |
| 100 | 1 |
_aMalot, Hector, _d1830-1907 |
|
| 245 | 1 | 0 |
_aAlleen op de Wereld _h[electronic resource] / _cHector Malot |
| 260 |
_bProject Gutenberg, _c2006 |
||
| 500 | _aTranslation of: Sans Famille | ||
| 506 | _aPublic domain in the USA. | ||
| 516 | _aElectronic text | ||
| 653 | _aOrphans -- Fiction | ||
| 653 | _aFrance -- History -- 19th century -- Fiction | ||
| 653 | _aStreet entertainers -- Fiction | ||
| 653 | _aAdventure and adventurers -- Fiction | ||
| 700 | 1 |
_aKeller, Gerard, _d1829-1899 |
|
| 830 | 0 |
_aProject Gutenberg _v19054 |
|
| 856 | 4 | 0 | _uhttp://www.gutenberg.org/ebooks/19054 |
| 942 | _cEB | ||
| 999 |
_c248309 _d248309 |
||